TV Shows Missing 'G' Words Quiz Stats

 Plays Quiz Updated Mar 23, 2019

Score 0/18 Timer 03:00
3 Plays Today
Hint Answer % Correct
Game
97.9%
Grey's
97.9%
Guy
97.9%
Garfield
96.5%
Girl
96.4%
Generation
96.3%
Gadget
95%
Growing
94.4%
Golden
94%
Hint Answer % Correct
Gilmore
90.4%
Galactica
88.7%
Greg
84.1%
Get
80.6%
Gear
75.6%
Greatest
65.8%
Giants
63.8%
Ghost
55.2%
Gravity
46.5%

You're not logged in!

Compare scores with friends on all Sporcle quizzes.
OR
Log In

Sporcle TV

Today on Sporcle TV


Watch our educational content, quiz creation guides, and fun videos on Sporcle TV.

Show Comments

Extras

Top Quizzes Today


Score Distribution

Your Account Isn't Verified!

In order to create a playlist on Sporcle, you need to verify the email address you used during registration. Go to your Sporcle Settings to finish the process.

Report this User

Report this user for behavior that violates our Community Guidelines.

Details: